000 00283nam a2200133Ia 4500
100 _aLipschutz/ S.
942 _cBK
654 _aFinite mathematics
245 _aFinite mathematics
260 _bMcGraw Hill
_aNew York
_c1966
082 _a570
300 _a339
546 _aENGLISH
999 _c28933
_d28933